Los países del imperio bizantino - Estadísticas

Estadísticas generales
  • Esta prueba ha sido intentada 5.369 veces
    5.049 desde el último reinicio
  • La puntuación promedio es 30 de 36
Estadísticas de respuestas
% País % Correcto
~85% Turquía
97%
100% Grecia
96%
~95% Italia
96%
~60% Egipto
92%
~30% España
92%
~8% Francia
90%
~80% Serbia
90%
~65% Croacia
89%
100% Bulgaria
88%
100% Israel
88%
100% Marruecos
88%
~20% Rumania
88%
100 Albania
87%
100% Macedonia del Norte
86%
~10% Argelia
85%
~25% Eslovenia
85%
~20% Libia
85%
~50% Siria
85%
~85% Túnez
85%
100% Bosnia y Herzegovina
84%
100% Kosovo
83%
~15% Montenegro
83%
~1% Rusia
83%
100% Chipre
82%
100% Líbano
80%
~1% Austria
79%
~40% Jordania
79%
100% Malta
78%
~1% Ucrania
78%
~2% Arabia Saudita
77%
~5% Georgia
75%
~15% Suiza
75%
~10% Portugal
74%
100% San Marino
73%
100% Ciudad del Vaticano
72%
100% Mónaco
64%
No se encontraron pruebas coincidentes
Distribución de puntuación
Porcentaje de gente con cada puntuación
Porcentaje por número respondido
Historial de tus puntuaciones
No has intentado esta prueba desde el último reinicio